Visualizzazione normale
Vista MARC
- Antonioni Michelangelo
di Personal Name
Records bibliografici associati: 1
001 - CONTROL NUMBER
- control field: 46422
003 - CONTROL NUMBER IDENTIFIER
- control field: IT-RoPau
005 - DATE AND TIME OF LATEST TRANSACTION
- control field: 20151130204854.0
008 - FIXED-LENGTH DATA ELEMENTS
- fixed length control field: 151130|| aca||aabn | a|a d
040 ## - CATALOGING SOURCE
- Original cataloging agency: IT-RoPau
- Transcribing agency: IT-RoPau
100 ## - HEADING--PERSONAL NAME
- Personal name: Antonioni Michelangelo
- Miscellaneous information: Codice regista SPICS: 9853
670 ## - SOURCE DATA FOUND
- Source citation: Work cat.: (IT-RoPau)106351: Antonioni Michelangelo Codice regista SPICS: 9853, PROFESSIONE: REPORTER PROFESSIONE: REPORTER (Rif. Codice opera principale : H7855)